000 00432pab a2200157 454500
008 180718b2008 xxu||||| |||| 00| 0 eng d
100 _aRohlfing, Ingo
245 _aWhat you see and what you get: pitfalls and principles of nested analysis in comparative research
260 _c2008
300 _ap.1492-514.
362 _aNov
650 _aResearch
773 _aComparative Political Studies
908 _aN
909 _a80599
999 _c80599
_d80599